| 000 | 00000nam 2200000za 4500 |
| 001 | 9.841203 |
| 003 | CaOODSP |
| 005 | 20231117094806 |
| 007 | cr ||||||||||| |
| 008 | 170808r20201993onc o f000 0 eng d |
| 040 | |aCaOODSP|beng |
| 041 | 0 |aeng|beng|bfre |
| 043 | |an-cn--- |
| 086 | 1 |aP29-5-009-001-1993E-PDF |
| 245 | 00|aBond paper |h[electronic resource] / |cprepared by the Canadian General Standards Board. |
| 250 | |aWithdrawn |
| 260 | |aOttawa : |bCanadian General Standards Board, |c1993, 2014, 2020. |
| 300 | |a[2], 5 p. |
| 490 | 1 |aGovernment of Canada standard ; |vno. 9.1-93 |
| 500 | |a"September 1993." |
| 500 | |a"Withdrawal, April 2020." |
| 500 | |a"Experience and excellence"--Cover. |
| 500 | |aConverted to GCS in 2014. |
| 500 | |aIssued also in French under title: Papier bond. |
| 520 | |a"This standard applies to durable bond papers for use in printing, typewriting and pen and ink writing. A standard for permanence of paper is in the course of preparation"--Scope. |
| 546 | |aText in English, withdrawal in English and French. |
| 692 | 07|2gccst|aPulp and paper industry |
| 692 | 07|2gccst|aStandards |
| 710 | 2 |aCanadian General Standards Board. |
| 775 | 08|tPapier bond |w(CaOODSP)9.841208 |
| 830 | #0|aGovernment of Canada standard ;|vno. 9.1-93.|w(CaOODSP)9.840668 |
| 856 | 40|qPDF|s2.95 MB|uhttps://publications.gc.ca/collections/collection_2017/ongc-cgsb/P29-5-009-001-1993-eng.pdf|zWithdrawal, April 2020 |
| 986 | |aICS 85.080 |